東北大合格者数10人以上の高校(2025年) - Statistics

General Stats
  • This quiz has been taken 11 times
  • The average score is 41 of 53
Answer Stats
人数 所在地 学校名 % Correct
78 宮城 仙台第二
100%
71 宮城 仙台第一
100%
53 山形 山形東
100%
43 岩手 盛岡第一
100%
41 宮城 仙台第三
100%
40 栃木 宇都宮
100%
36 秋田 秋田
100%
33 青森 八戸
100%
26 青森 青森
100%
25 青森 弘前
100%
24 群馬 前橋
100%
24 新潟 新潟
100%
22 埼玉 浦和
100%
21 福島 磐城
100%
21 福島 福島
100%
17 茨城 水戸第一
100%
17 石川 金沢泉丘
100%
16 埼玉 大宮
100%
16 埼玉 川越
100%
15 北海道 札幌北
100%
15 茨城 土浦第一
100%
13 群馬 高崎
100%
12 千葉 千葉
100%
12 千葉 船橋
100%
11 富山 富山中部
100%
10 山形 山形南
100%
24 福島 安積
88%
13 神奈川 湘南
88%
12 神奈川 横浜翠嵐
88%
10 長野 長野
88%
28 宮城 仙台二華
75%
17 静岡 沼津東
75%
16 栃木 栃木
75%
15 東京 国立
75%
14 群馬 太田
75%
14 新潟 新潟南
75%
11 東京 西
75%
22 宮城 宮城第一
63%
19 埼玉 栄東
63%
16 千葉 市川
63%
11 岩手 盛岡第三
63%
18 埼玉 春日部
50%
12 長野 屋代
50%
10 群馬 高崎女子
50%
18 神奈川 柏陽
38%
17 茨城 竹園
38%
12 埼玉 浦和第一女子
38%
10 茨城 水城
38%
18 宮城 聖ウルスラ学院英智
25%
17 千葉 佐倉
25%
15 山形 東桜学館
25%
12 宮城 仙台青陵
25%
10 東京 本郷
13%
No matching quizzes found
Score Distribution
Percent of People with Each Score
Percentile by Number Answered
Your Score History
You have not taken this quiz